000 00360pab a2200145 454500
008 180718b1987 xxu||||| |||| 00| 0 eng d
100 _aNitya Nand
245 _aIndian Patent law and the Paris convention
260 _c1987
300 _a112-18
362 _aJune
650 _aPatents - Legislation - India
773 _aMan & Development
909 _a14739
999 _c14739
_d14739